The mystery of the missing cousin

Bibliographic Details
Main Author: Kumara Velu
Format: Book
Published: Seri Kembangan : Pustaka Pepada Jaya , 2003
Series:The Thrills and frills series
Subjects:

MARC

LEADER 00000cam a2200000 7i4500
001 0000064607
005 20071226.0
020 |a 983022287X 
090 0 0 |a JF   |b KUM 
100 0 |a Kumara Velu 
245 1 4 |a The mystery of the missing cousin   |c Kumara Velu 
260 |a Seri Kembangan :   |b Pustaka Pepada Jaya ,   |c 2003 
300 |a 36p. :   |b ill. ;   |c 21cm. 
490 0 |a The Thrills and frills series 
650 0 0 |a Children's stories 
999 |a 00149536   |b BUKU   |c PINJAMAN   |e PERPUSTAKAAN KOMUNITI PETALING JAYA 
999 |a 00149537   |b BUKU   |c PINJAMAN   |e PERPUSTAKAAN KOMUNITI CAW KOTA DAMANSARA 
999 |a 00149538   |b BUKU   |c PINJAMAN   |e PERPUSTAKAAN KOMUNITI PETALING JAYA